[Event "58th BRA-chW 2019"]
[Site "Rio de Janeiro"]
[Date "2019.02.18"]
[Round "2.1"]
[White "Melo, Gabrieli De"]
[Black "Ichimura G. Barbosa, Larissa Y."]
[Result "0-1"]
[WhiteElo "1792"]
[BlackElo "1983"]
[Annotator "NA RC"]
[PlyCount "78"]
[EventDate "2019.02.16"]
[EventType "k.o."]
[EventCountry "BRA"]
[SourceTitle "playchess.com"]
[Source "ChessBase"]
[SourceQuality "1"]

1. c4 Nf6 2. Nc3 g6 3. g3 Bg7 4. Bg2 O-O 5. e4 d6 6. Nge2 c5 7. O-O Nc6 8. d3 a6 9. h3 Rb8 10. a4 Bd7 11. Be3 Ne8 12. d4 {A36: Symmetrical English vs ...g6: 4 Bg2 Bg7} b6 13. Rb1 (13. b3 Nc7 14. Ra2 e5 15. dxe5 dxe5 16. a5 Nxa5 17. Rd2 Qc8 18. Rxd7 Nxb3 19. Rxc7 Qxc7 20. Qxb3 {1-0 (45) Flores,D (2579)-Banikas,H (2568) Doha 2016}) 13... Nc7 14. Kh2 Na5 $146 ({Predecessor:} 14... e5 15. dxc5 dxc5 16. f4 Nd4 17. fxe5 Bxe5 18. Bf4 Bxf4 19. gxf4 Nxe2 20. Qxe2 {½-½ (34) Pena Gomez,M (2478)-Sammed Jaykumar,S (2382) Hanoi 2018}) 15. Qd3 b5 16. cxb5 c4 17. Qd2 Nb3 18. Qc2 axb5 19. axb5 Nxb5 20. Rfd1 Nc7 21. d5 Na6 22. Nd4 Nb4 23. Qe2 Nd3 24. Nxb3 Rxb3 25. Qc2 Nxb2 26. Bd4 Nxd1 27. Bxg7 Kxg7 28. Rxd1 Qb6 29. Ne2 Rc8 30. Nd4 Rb2 31. Qc3 Kg8 32. Qe3 c3 33. Rc1 $19 Rd2 34. Nf3 Qxe3 35. fxe3 Rb2 36. Nd4 Ba4 37. Kg1 c2 38. Kf2 Rb1 39. Ne2 Bb5 0-1

[Event "58th BRA-chW 2019"]
[Site "Rio de Janeiro"]
[Date "2019.02.19"]
[Round "2.2"]
[White "Alboredo, Julia"]
[Black "Guimaraes, Artemis Pamela"]
[Result "1-0"]
[WhiteElo "2212"]
[BlackElo "1939"]
[Annotator "NA"]
[PlyCount "85"]
[EventDate "2019.02.16"]
[EventType "k.o."]
[EventCountry "BRA"]
[SourceTitle "playchess.com"]
[Source "ChessBase"]
[SourceQuality "1"]

1. d4 Nf6 2. c4 e6 3. Nc3 Bb4 4. f3 d5 5. a3 Bxc3+ 6. bxc3 c5 7. cxd5 Nxd5 8. dxc5 f5 9. Qc2 Qf6 {E25: Nimzo-Indian: Sämisch: 5...c5 6 f3 d5 7 cxd5} (9... O-O 10. e4 fxe4 11. fxe4 Qh4+ 12. g3 Qf6 13. Bg2 Qxc3+ 14. Qxc3 Nxc3 15. Be3 Bd7 16. Rc1 Nb5 17. a4 Nc7 18. Bf4 Nca6 19. Bd6 Re8 {1-0 (46) Mamedyarov,S (2743)-Harikrishna,P (2725) Kocaeli 2014}) 10. e4 fxe4 11. fxe4 O-O 12. Nf3 Nf4 13. Be3 $146 ({Predecessor:} 13. g3 Ng6 14. Bg2 Qe7 15. Be3 Nd7 16. c6 bxc6 17. O-O Ba6 18. c4 Nb6 19. Nd2 {1-0 (27) Mustelin,J-Kuro,T Finland 1979}) 13... Nd7 14. O-O-O b6 15. c6 Nc5 16. Bd4 Qg6 17. Ne5 Qg5 18. Kb1 a5 19. h4 Qe7 20. h5 Qg5 21. g4 a4 22. c4 Nb3 23. Bb2 Ra5 24. Qc3 Nc5 {[#]} 25. Ng6 $18 Rf7 26. Qe5 Ncd3 27. Qb8 hxg6 28. Bxd3 Rf8 29. Qxb6 Ra8 30. Qd4 e5 31. Qxe5 Qxe5 32. Bxe5 Bxg4 33. hxg6 Bxd1 34. Rxd1 Nxg6 35. Bd6 Rfe8 36. c7 Ne5 37. Kc2 Nf7 38. c5 Ne5 39. Bxe5 Rxe5 40. Bc4+ Kh7 41. Rd8 Re8 42. Rxa8 Rxa8 43. Be6 1-0

[Event "58th BRA-chW 2019"]
[Site "Rio de Janeiro"]
[Date "2019.02.19"]
[Round "2.2"]
[White "Ichimura G. Barbosa, Larissa Y."]
[Black "Melo, Gabrieli De"]
[Result "1-0"]
[WhiteElo "1983"]
[BlackElo "1792"]
[Annotator "NA"]
[PlyCount "81"]
[EventDate "2019.02.16"]
[EventType "k.o."]
[EventCountry "BRA"]
[SourceTitle "playchess.com"]
[Source "ChessBase"]
[SourceQuality "1"]

1. e4 c5 2. Nf3 Nc6 3. d4 cxd4 4. Nxd4 Nf6 5. Nc3 d6 6. Bc4 e5 7. Nf5 g6 8. Nh6 Be6 9. Bb3 Qd7 10. Bg5 Bxh6 11. Bxf6 Rg8 12. Ba4 Bg7 13. Nd5 Qc8 14. Ne7 Qc7 15. Nxg8 Kf8 16. O-O Kxg8 17. Bxg7 Kxg7 18. Bb3 Nd4 19. Bxe6 Nxe6 20. Qd2 Qe7 21. Rad1 Rd8 22. Qe3 f5 23. exf5 gxf5 24. Qxa7 Kh8 25. Rfe1 Rg8 26. Rd3 f4 27. Qa3 Nd4 28. Rxd4 Qg5 29. g3 exd4 30. Qxd6 fxg3 31. Qxd4+ Qg7 32. Qxg7+ Kxg7 33. hxg3 Kf7 34. Re4 Rg5 35. Rb4 b5 36. a4 bxa4 37. Rxa4 Rc5 38. Rh4 h5 39. c4 Rc8 40. b4 Kg6 41. c5 1-0

[Event "58th BRA-chW 2019"]
[Site "Rio de Janeiro"]
[Date "2019.02.19"]
[Round "2.2"]
[White "Medeiros, Thauane Ferreira"]
[Black "Librelato, Kathie Goulart"]
[Result "1/2-1/2"]
[WhiteElo "1947"]
[BlackElo "2172"]
[Annotator "ChessBase"]
[PlyCount "119"]
[EventDate "2019.02.16"]
[EventType "k.o."]
[EventCountry "BRA"]
[SourceTitle "playchess.com"]
[Source "ChessBase"]
[SourceQuality "1"]

1. c4 Nf6 2. Nc3 g6 3. g3 Bg7 4. Bg2 O-O 5. e4 d6 6. Nge2 c5 7. O-O Nc6 8. d3 Ne8 9. Be3 Nd4 10. Rb1 Nc7 11. b4 e5 12. Qd2 Rb8 13. b5 Nce6 14. f4 exf4 15. gxf4 f5 16. Bf2 Rf7 17. Nd5 Nxe2+ 18. Qxe2 fxe4 19. Qxe4 Bd7 20. b6 a6 21. Kh1 Kh8 22. Bh3 Ng5 23. fxg5 Bxh3 24. Rg1 Rxf2 25. Qe3 Rxa2 26. Qxh3 Qf8 27. Rbf1 Qe8 28. Rg2 Rxg2 29. Kxg2 Qe5 30. Qg4 Re8 31. Rf3 Qe2+ 32. Kh3 a5 33. Nf4 Qe5 34. Nd5 a4 35. Re3 Qxe3+ 36. Nxe3 Rxe3+ 37. Kg2 h5 38. gxh6 Bxh6 39. Qc8+ Kh7 40. Qxb7+ Bg7 41. Qa6 Re2+ 42. Kf3 Rb2 43. b7 a3 44. Qxa3 Rxb7 45. Qa6 Rf7+ 46. Kg4 Be5 47. Qc6 Rf4+ 48. Kh3 Rf2 49. Qd7+ Kh6 50. Qd8 Rxh2+ 51. Kg4 Rg2+ 52. Kf3 Rg3+ 53. Ke4 Rg4+ 54. Ke3 Rd4 55. Qf8+ Bg7 56. Qe7 Be5 57. Qe6 Kg7 58. Qe7+ Kh6 59. Qf7 Bg7 60. Qe7 1/2-1/2

[Event "58th BRA-chW 2019"]
[Site "Rio de Janeiro"]
[Date "2019.02.19"]
[Round "2.2"]
[White "Tamarozi, Isabelle"]
[Black "Terao, Juliana Sayumi"]
[Result "1-0"]
[WhiteElo "1937"]
[BlackElo "2241"]
[Annotator "NA"]
[PlyCount "65"]
[EventDate "2019.02.16"]
[EventType "k.o."]
[EventCountry "BRA"]
[SourceTitle "playchess.com"]
[Source "ChessBase"]
[SourceQuality "1"]

1. e4 c5 2. Nf3 e6 3. d4 cxd4 4. Nxd4 a6 5. c4 Nf6 6. Nc3 Qc7 7. a3 b6 8. Be3 Bb7 9. f3 Be7 10. Be2 O-O 11. Rc1 d6 12. O-O Nbd7 13. Qd2 Rac8 14. Rfd1 Qb8 15. b4 Rfe8 16. Nb3 Bd8 17. Bf4 Ne5 18. Bxe5 $14 ({But not} 18. Qxd6 Nxf3+ 19. Kh1 (19. Bxf3 Bc7 $17) 19... Bc7 $15) 18... dxe5 {LiveBook: 14 Games} 19. c5 h6 20. Na4 b5 21. Nb6 Bxb6 22. cxb6 Rcd8 23. Qe3 Nd7 24. Rc7 Nf8 25. Rdc1 Rd7 26. Na5 Rxc7 27. Rxc7 Bc8 28. Nc6 Qa8 29. Ne7+ Rxe7 30. Rxe7 Nd7 31. Re8+ Kh7 32. Qc3 Nxb6 33. Qc7 1-0

[Event "58th BRA-chW 2019"]
[Site "Rio de Janeiro"]
[Date "2019.02.19"]
[Round "2.3"]
[White "Tamarozi, Isabelle"]
[Black "Terao, Juliana Sayumi"]
[Result "0-1"]
[WhiteElo "1937"]
[BlackElo "2241"]
[Annotator "TA"]
[PlyCount "54"]
[EventDate "2019.02.16"]
[EventType "k.o."]
[EventCountry "BRA"]
[SourceTitle "playchess.com"]
[Source "ChessBase"]
[SourceQuality "1"]

{[%evp 11,54,19,27,27,35,44,33,23,50,39,69,22,31,27,33,15,41,42,54,2,9,10,10,10,11,8,8,6,12,12,12,0,0,0,0,-18,-11,-181,-181,-323,-312,-481,-470,-831,-823]} 1. e4 c5 2. Nf3 e6 3. d4 cxd4 4. Nxd4 a6 5. c4 Nf6 6. Nc3 Bb4 7. Qd3 {B41: Sicilian: Kan Variation: 5 c4} O-O (7... Qc7 8. Nc2 Bc5 9. Be2 O-O 10. O-O Nc6 11. Kh1 d6 12. f4 Bd7 13. a3 Rad8 14. b4 Ba7 {½-½ (115) Karjakin,S (2782)-Caruana,F (2816) Paris 2018}) 8. e5 Ne8 $1 9. Be2 {White is slightly better.} d6 10. Nc2 Bxc3+ 11. Qxc3 dxe5 12. Qxe5 Nc6 13. Qg3 (13. Qc5 {seems wilder.} e5 14. Be3 a5 15. O-O Bf5 16. Rfd1) 13... Qf6 $146 ({Predecessor:} 13... e5 14. O-O Bf5 {0-1 (60) Hilby,C (2334)-Feuerstack,A (2449) chess.com INT 2017}) 14. O-O e5 15. Bd3 ({White should play} 15. f4 $14) 15... Bf5 $11 16. Bg5 Qg6 17. Bxf5 Qxf5 18. Ne3 Qe6 19. Nd5 f6 20. Be3 Rc8 21. Rad1 Nd6 22. b3 b5 23. cxb5 Nxb5 {[#] aiming for ...Ncd4.} 24. Bh6 $2 (24. Nb6 $11 {and White stays safe.}) 24... Rf7 $19 {Threatens to win with ...Ncd4.} 25. Rfe1 (25. Be3 $142) 25... Ncd4 26. Ne3 (26. Nxf6+ $142 Qxf6 27. Bd2) 26... Nc3 {[%mdl 64] [#] Double Attack} 27. Rd2 (27. Kh1 $142 Kh8 28. Nc4 Nxd1 29. Bd2) 27... Ne4 {[%mdl 64] Double Attack. Accuracy: White = 34%, Black = 76%.} 0-1

[Event "58th BRA-chW 2019"]
[Site "Rio de Janeiro"]
[Date "2019.02.19"]
[Round "2.4"]
[White "Terao, Juliana Sayumi"]
[Black "Tamarozi, Isabelle"]
[Result "1/2-1/2"]
[WhiteElo "2241"]
[BlackElo "1937"]
[Annotator "TA"]
[PlyCount "87"]
[EventDate "2019.02.16"]
[EventType "k.o."]
[EventCountry "BRA"]
[SourceTitle "playchess.com"]
[Source "ChessBase"]
[SourceQuality "1"]

{[%evp 11,87,12,28,-22,-19,-19,-24,-41,-27,-33,-39,-54,0,1,0,0,12,24,69,28,40,38,41,17,14,0,0,0,0,2,1,0,0,0,4,4,5,4,29,21,28,31,35,35,41,41,115,116,116,84,79,79,83,79,79,79,80,79,91,91,91,93,100,79,102,95,102,78,331,331,325,97,331,37,317,37,317,0]} 1. e4 c5 2. c3 d5 3. exd5 Qxd5 4. d4 Nf6 5. Nf3 e6 6. Be3 cxd4 7. Qxd4 {B22: Sicilian: 2 c3} (7. cxd4 {with more complications.} Nc6 8. Nc3 Qd8 9. Rc1 Be7 10. Be2) (7. cxd4 Bb4+ 8. Nc3 O-O 9. Be2 Nc6 10. O-O Qd8 11. Qb3 {½-½ (11) Yudin,S (2526)-Fier,A (2558) Almaty 2018}) 7... Nc6 8. Qxd5 Nxd5 9. Bd2 {Black has an edge.} Bd6 10. a4 $146 ({Predecessor:} 10. Bc4 O-O 11. O-O b6 12. Rd1 Bb7 13. Bxd5 exd5 14. Be3 Rad8 {0-1 (32) Dolzhikova,O (2256)-Bogdanovich,S (2299) Kiev 2008}) 10... O-O 11. Na3 Na5 (11... Rd8 $15) 12. Nc4 $11 Nxc4 13. Bxc4 Nb6 14. Bb3 a5 15. O-O Bd7 16. Be3 Bc7 17. Rfd1 {Bxb6 is the strong threat.} Bc6 18. Bxb6 (18. Nd4 {is interesting.} Nd5 19. Bg5 h6 20. Bh4 g5 21. Bg3) 18... Bxb6 19. Ne5 Rfd8 20. Nxc6 bxc6 21. Rxd8+ Rxd8 {[%mdl 4096] Endgame KRB-KRB} 22. Rd1 Kf8 23. Rxd8+ Bxd8 {KB-KB} 24. Kf1 e5 25. Ke2 Bg5 26. Bc2 c5 27. Kd3 Ke7 28. Kc4 Kd6 ({Black should play} 28... Bc1 $1 $14) 29. Kb5 $16 Bc1 30. b3 ({Don't take} 30. Bxh7 Bxb2 31. Kxa5 Bxc3+ 32. Kb5 g6 $14) 30... Bd2 31. Kxa5 Bxc3+ 32. Kb5 Bd4 33. f3 g6 34. a5 {[%cal Ba4a5,Ba5a6][%mdl 32]} f5 35. a6 Kc7 36. Bd3 Kb8 37. Kc4 Ka7 38. Kd5 Kb6 39. g4 h5 $2 {[%mdl 8192]} (39... fxg4 $16 {keeps fighting.} 40. fxg4 Bb2) 40. gxf5 $18 gxf5 41. Bc4 $2 ({Weaker is} 41. Bxf5 Kxa6 42. h4 Bf2 $14) (41. f4 $1 $18 {[%cal Rf4e5]} exf4 42. b4) 41... h4 $2 {[#]} (41... Ka7 $16 {was called for.}) 42. h3 $2 (42. f4 $1 $18 {[%mdl 512]} exf4 43. b4 $1 {[%mdl 512]}) 42... Ka7 $2 {[%mdl 8192]} (42... f4 $14) 43. Bd3 $2 ({White must play} 43. f4 $1 $18 {[%cal Rf4e5]} exf4 44. b4 $1 {[%mdl 512]}) 43... Kb6 $2 {[%mdl 8192] [#]} (43... f4 $14) 44. Bc4 $2 {Accuracy: White = 41%, Black = 18%.} ({Not} 44. Bxf5 Kxa6 45. Bd7 Kb6 $11) (44. f4 $1 $18 {[%cal Rf4e5]} exf4 45. b4) 1/2-1/2

[Event "58th BRA-chW 2019"]
[Site "Rio de Janeiro"]
[Date "2019.02.20"]
[Round "3.1"]
[White "Alboredo, Julia"]
[Black "Librelato, Kathie Goulart"]
[Result "1-0"]
[WhiteElo "2212"]
[BlackElo "2172"]
[Annotator "NA"]
[PlyCount "83"]
[EventDate "2019.02.16"]
[EventType "k.o."]
[EventCountry "BRA"]
[SourceTitle "playchess.com"]
[Source "ChessBase"]
[SourceQuality "1"]

1. d4 Nf6 2. c4 g6 3. Nc3 d5 4. Bf4 Bg7 5. e3 c5 6. dxc5 Qa5 7. Rc1 dxc4 8. Bxc4 O-O 9. Nf3 Qxc5 10. Bb3 Nc6 11. O-O Qh5 12. h3 Na5 13. Ba4 Nc4 14. Qe2 Nb6 15. Bb3 a5 16. Bc7 a4 17. Bxb6 axb3 18. axb3 Nd7 19. Bc7 Nc5 20. Nd4 Qxe2 21. Ncxe2 Ne6 22. Bg3 Ra2 23. Rc2 Nxd4 24. Nxd4 Rd8 25. Rfc1 Bd7 26. Rc7 Bxd4 27. exd4 Bc6 28. Rc2 Bd5 29. Rxe7 Bxb3 30. Rce2 Bd5 31. Re8+ Rxe8 32. Rxe8+ Kg7 33. Rd8 Ra5 34. Be5+ Kh6 35. h4 Be6 36. f3 Bd5 37. Bf6 Bc6 38. Rg8 b6 39. Bg5+ Rxg5 40. hxg5+ Kxg5 41. Rb8 b5 42. d5 1-0

[Event "58th BRA-chW 2019"]
[Site "Rio de Janeiro"]
[Date "2019.02.20"]
[Round "3.1"]
[White "Ichimura G. Barbosa, Larissa Y."]
[Black "Terao, Juliana Sayumi"]
[Result "1/2-1/2"]
[WhiteElo "1983"]
[BlackElo "2241"]
[Annotator "NA"]
[PlyCount "137"]
[EventDate "2019.02.16"]
[EventType "k.o."]
[EventCountry "BRA"]
[SourceTitle "playchess.com"]
[Source "ChessBase"]
[SourceQuality "1"]

1. e4 c5 2. Nf3 Nc6 3. d4 cxd4 4. Nxd4 Nf6 5. Nc3 d6 6. Bc4 Qb6 7. Nb3 e6 8. Bf4 Ne5 9. Be3 Qc7 10. Be2 a6 11. Qd4 Be7 12. g4 Nc6 13. Qd2 b5 14. a3 Bb7 15. f4 b4 16. axb4 Nxb4 17. Bf3 d5 18. e5 Ne4 19. Bxe4 dxe4 20. O-O O-O 21. Qf2 Rac8 22. Rfd1 Bd5 23. Nd4 Bc5 24. Nf5 exf5 25. Nxd5 Nxd5 26. Rxd5 Bxe3 27. Qxe3 fxg4 28. Qxe4 Qxc2 29. Qxc2 Rxc2 30. Rxa6 Rxb2 31. Rad6 g6 32. Rd2 Rfb8 33. Kg2 Rxd2+ 34. Rxd2 Rb3 35. f5 gxf5 36. Rf2 Re3 37. Rxf5 h6 38. Kf2 Rh3 39. Kg2 Kg7 40. Rf4 h5 41. Rf5 Kg6 42. Rf6+ Kg5 43. Rxf7 Re3 44. Re7 Re2+ 45. Kg1 Kf5 46. Rh7 Kg6 47. Re7 h4 48. Re8 Kf7 49. Rh8 h3 50. Rh4 Rg2+ 51. Kh1 Kg6 52. e6 Kg5 53. Rh8 Re2 54. Kg1 Rxe6 55. Rg8+ Kf4 56. Kf2 Rf6 57. Rg7 Rf8 58. Rg6 Rb8 59. Rg7 Rb2+ 60. Kg1 Rb1+ 61. Kf2 Rb2+ 62. Kg1 Rc2 63. Rg8 Kf5 64. Rf8+ Ke6 65. Rf4 Rc1+ 66. Kf2 Rc2+ 67. Kg1 Rc1+ 68. Kf2 Rc2+ 69. Kg1 1/2-1/2

[Event "58th BRA-chW 2019"]
[Site "Rio de Janeiro"]
[Date "2019.02.21"]
[Round "3.2"]
[White "Terao, Juliana Sayumi"]
[Black "Ichimura G. Barbosa, Larissa Y."]
[Result "1-0"]
[WhiteElo "2241"]
[BlackElo "1983"]
[Annotator "NA"]
[PlyCount "69"]
[EventDate "2019.02.16"]
[EventType "k.o."]
[EventCountry "BRA"]
[SourceTitle "playchess.com"]
[Source "ChessBase"]
[SourceQuality "1"]
[TimeControl "5400+30"]

1. e4 {[%emt 0:00:00]} c5 {[%emt 0:00:00]} 2. c3 {[%emt 0:00:00]} Nf6 {[%emt 0:00:05]} 3. e5 {[%emt 0:00:10]} Nd5 {[%emt 0:00:20]} 4. d4 {[%emt 0:00:12]} cxd4 {[%emt 0:00:26]} 5. Qxd4 {[%emt 0:00:06]} e6 {[%emt 0:01:10]} 6. Nf3 {[%emt 0:00:05]} Nc6 {[%emt 0:02:17]} 7. Qe4 {[%emt 0:00:05]} f5 {[%emt 0:01:04]} 8. Qe2 {[%emt 0:00:06]} Qc7 {[%emt 0:00:54]} 9. g3 {[%emt 0:00:14]} b6 {[%emt 0:00:45]} 10. Bg2 {[%emt 0:00:58]} Ncb4 {[%emt 0:01:45]} 11. Qd1 {[%emt 0:02:07]} Ba6 {[%emt 0:01:28]} 12. Bf1 {[%emt 0:01:00]} Bxf1 {[%emt 0:01:08]} 13. Kxf1 {[%emt 0:00:06]} Nc6 {[%emt 0:01:02]} 14. Qe2 {[%emt 0:00:48]} Qb7 {[%emt 0:02:18]} 15. Kg2 {[%emt 0:02:24]} Be7 {[%emt 0:03:16]} 16. Rd1 {[%emt 0:03:43]} b5 {[%emt 0:05:44]} 17. Kg1 {[%emt 0:01:55]} O-O {[%emt 0:04:07]} 18. Nbd2 {[%emt 0:13:53]} Rac8 {[%emt 0:07:38]} 19. Nf1 {[%emt 0:02:28]} f4 {[%emt 0:03:28]} 20. g4 {[%emt 0:02:59]} Qc7 {[%emt 0:10:06]} 21. Rd3 {[%emt 0:03:21]} d6 {[%emt 0:07:32]} 22. exd6 {[%emt 0:00:36]} Qxd6 {[%emt 0:00:05]} 23. b3 {[%emt 0:05:53]} e5 {[%emt 0:00:24]} 24. c4 {[%emt 0:14:52]} bxc4 {[%emt 0:00:07]} 25. bxc4 {[%emt 0:00:04]} Qe6 {[%emt 0:00:37]} 26. cxd5 {[%emt 0:03:16]} Qxg4+ {[%emt 0:00:58]} 27. Kh1 {[%emt 0:00:37]} Nb4 {[%emt 0:02:32]} 28. Rb3 {[%emt 0:03:49]} Nxd5 {[%emt 0:04:53]} 29. Bb2 {[%emt 0:03:43]} Bb4 {[%emt 0:11:33]} 30. Qe4 {[%emt 0:04:42]} Nc3 {[%emt 0:01:28]} 31. Nxe5 {[%emt 0:01:13]} Qe6 {[%emt 0:01:32]} 32. Qxb4 {[%emt 0:01:32]} Qxe5 {[%emt 0:00:06]} 33. Rxc3 {[%emt 0:01:04]} Rb8 {[%emt 0:01:29]} 34. Qc4+ {[%emt 0:00:36]} Kh8 {[%emt 0:00:05]} 35. Rb3 {[%emt 0:00:32]} 1-0

[Event "58th BRA-chW 2019"]
[Site "Rio de Janeiro"]
[Date "2019.02.21"]
[Round "3.2"]
[White "Librelato, Kathie Goulart"]
[Black "Alboredo, Julia"]
[Result "1-0"]
[WhiteElo "2172"]
[BlackElo "2212"]
[Annotator "NA"]
[PlyCount "185"]
[EventDate "2019.02.16"]
[EventType "k.o."]
[EventCountry "BRA"]
[SourceTitle "playchess.com"]
[Source "ChessBase"]
[SourceQuality "1"]
[TimeControl "5400+30"]

1. Nf3 {[%emt 0:00:00]} Nf6 {[%emt 0:00:41]} 2. g3 {[%emt 0:00:00]} g6 {[%emt 0:00:15]} 3. Bg2 {[%emt 0:00:00]} Bg7 {[%emt 0:00:15]} 4. O-O {[%emt 0:00:00]} d5 {[%emt 0:00:28]} 5. d4 {[%emt 0:00:22]} O-O {[%emt 0:01:08]} 6. c4 {[%emt 0:00:09]} dxc4 {[%emt 0:06:35]} 7. Na3 {[%emt 0:00:52]} c3 {[%emt 0:01:06]} 8. bxc3 {[%emt 0:00:38]} c5 {[%emt 0:00:20]} 9. Ne5 {[%emt 0:22:28]} Qa5 {[%emt 0:13:03]} 10. Qb3 {[%emt 0:20:49]} Nbd7 {[%emt 0:19:46]} 11. Nec4 {[%emt 0:02:12]} Qd8 {[%emt 0:02:07]} 12. Rd1 {[%emt 0:01:21]} cxd4 {[%emt 0:11:18]} 13. cxd4 {[%emt 0:01:44]} Nb6 {[%emt 0:03:20]} 14. e4 {[%emt 0:12:20]} Bg4 {[%emt 0:04:44]} 15. f3 {[%emt 0:00:06]} Bd7 {[%emt 0:00:08]} 16. Nb2 {[%emt 0:03:41]} Qe8 {[%emt 0:06:04]} 17. Be3 {[%emt 0:04:20]} Ba4 {[%emt 0:01:33]} 18. Nxa4 {[%emt 0:00:09]} Qxa4 {[%emt 0:00:08]} 19. Qxa4 {[%emt 0:12:37]} Nxa4 {[%emt 0:00:02]} 20. Rac1 {[%emt 0:00:01]} Rac8 {[%emt 0:03:24]} 21. d5 {[%emt 0:00:35]} Nc3 {[%emt 0:03:12]} 22. Rd2 {[%emt 0:00:12]} Nd7 {[%emt 0:12:35]} 23. Rdc2 {[%emt 0:10:43]} Nb6 {[%emt 0:00:17]} 24. f4 {[%emt 0:01:52]} Nca4 {[%emt 0:01:37]} 25. Bh3 {[%emt 0:01:22]} Rxc2 {[%emt 0:00:55]} 26. Rxc2 {[%emt 0:00:01]} f5 {[%emt 0:00:16]} 27. Rc7 {[%emt 0:00:59]} Rd8 {[%emt 0:01:08]} 28. Rxb7 {[%emt 0:01:08]} fxe4 {[%emt 0:00:18]} 29. Rxa7 {[%emt 0:00:07]} Kf8 {[%emt 0:02:47]} 30. Be6 {[%emt 0:00:25]} Bb2 {[%emt 0:00:19]} 31. Nc2 {[%emt 0:00:43]} Rd6 {[%emt 0:02:26]} 32. Nb4 {[%emt 0:01:24]} Nc4 {[%emt 0:01:47]} 33. Ra8+ {[%emt 0:01:05]} Kg7 {[%emt 0:00:01]} 34. Ba7 {[%emt 0:01:22]} e3 {[%emt 0:00:48]} 35. Rg8+ {[%emt 0:01:03]} Kh6 {[%emt 0:01:35]} 36. g4 {[%emt 0:00:32]} Bc3 {[%emt 0:00:39]} 37. Nc2 {[%emt 0:00:29]} e2 {[%emt 0:00:38]} 38. Bf2 {[%emt 0:00:02]} Bf6 {[%emt 0:00:36]} 39. g5+ {[%emt 0:00:55]} Bxg5 {[%emt 0:00:01]} 40. fxg5+ {[%emt 0:00:01]} Kxg5 {[%emt 0:00:10]} 41. Nd4 {[%emt 0:00:17]} Nd2 {[%emt 0:01:09]} 42. Nxe2 {[%emt 0:00:33]} Nf3+ {[%emt 0:00:17]} 43. Kg2 {[%emt 0:00:02]} Nh4+ {[%emt 0:00:42]} 44. Bxh4+ {[%emt 0:01:03]} Kxh4 {[%emt 0:00:01]} 45. Re8 {[%emt 0:00:25]} Nb6 {[%emt 0:00:34]} 46. Nc3 {[%emt 0:00:29]} Nc4 {[%emt 0:00:30]} 47. Rxe7 {[%emt 0:00:16]} h5 {[%emt 0:00:06]} 48. Rc7 {[%emt 0:01:16]} Ne5 {[%emt 0:00:20]} 49. Ra7 {[%emt 0:00:34]} Rb6 {[%emt 0:00:09]} 50. Ra4+ {[%emt 0:00:24]} Kg5 {[%emt 0:00:33]} 51. Ne4+ {[%emt 0:00:11]} Kf4 {[%emt 0:00:43]} 52. d6 {[%emt 0:00:43]} Rb2+ {[%emt 0:00:10]} 53. Nf2+ {[%emt 0:00:06]} Kg5 {[%emt 0:00:22]} 54. d7 {[%emt 0:00:34]} Rd2 {[%emt 0:01:04]} 55. Ra5 {[%emt 0:01:13]} Kf6 {[%emt 0:00:15]} 56. Rd5 {[%emt 0:00:30]} Rxd5 {[%emt 0:00:45]} 57. Bxd5 {[%emt 0:00:01]} Nxd7 {[%emt 0:00:06]} 58. Nd3 {[%emt 0:00:14]} Nb6 {[%emt 0:00:39]} 59. Bb3 {[%emt 0:00:11]} Kf5 {[%emt 0:00:15]} 60. Kf3 {[%emt 0:00:34]} g5 {[%emt 0:00:19]} 61. Nc5 {[%emt 0:00:34]} g4+ {[%emt 0:00:25]} 62. Kg3 {[%emt 0:00:13]} Kg5 {[%emt 0:00:32]} 63. Ne6+ {[%emt 0:00:11]} Kf5 {[%emt 0:00:15]} 64. Kh4 {[%emt 0:00:18]} Ke4 {[%emt 0:00:45]} 65. Kg3 {[%emt 0:01:35]} Kf5 {[%emt 0:00:09]} 66. Nc5 {[%emt 0:00:31]} Kg5 {[%emt 0:00:12]} 67. Ne4+ {[%emt 0:00:30]} Kf5 {[%emt 0:00:08]} 68. Nd6+ {[%emt 0:00:40]} Kg5 {[%emt 0:00:08]} 69. Nf7+ {[%emt 0:00:22]} Kg6 {[%emt 0:00:36]} 70. Nd8 {[%emt 0:00:26]} Kg5 {[%emt 0:00:07]} 71. a4 {[%emt 0:00:33]} h4+ {[%emt 0:00:05]} 72. Kg2 {[%emt 0:00:04]} Nd7 {[%emt 0:01:12]} 73. a5 {[%emt 0:00:16]} Kf4 {[%emt 0:00:37]} 74. Ne6+ {[%emt 0:00:19]} Ke5 {[%emt 0:00:09]} 75. a6 {[%emt 0:00:59]} Kd6 {[%emt 0:00:27]} 76. Nd4 {[%emt 0:00:45]} Kc7 {[%emt 0:01:48]} 77. Nf5 {[%emt 0:00:53]} Ne5 {[%emt 0:00:22]} 78. Bd5 {[%emt 0:00:45]} Kb6 {[%emt 0:00:47]} 79. Bb7 {[%emt 0:00:01]} Ng6 {[%emt 0:00:08]} 80. Kg1 {[%emt 0:01:01]} g3 {[%emt 0:00:37]} 81. Nxg3 {[%emt 0:00:33]} hxg3 {[%emt 0:01:10]} 82. hxg3 {[%emt 0:00:01]} Ne5 {[%emt 0:00:17]} 83. Kf2 {[%emt 0:00:22]} Nd3+ {[%emt 0:00:05]} 84. Ke3 {[%emt 0:00:05]} Nc5 {[%emt 0:00:05]} 85. g4 {[%emt 0:00:07]} Kc7 {[%emt 0:00:26]} 86. Kd4 {[%emt 0:00:19]} Nd7 {[%emt 0:00:31]} 87. g5 {[%emt 0:00:19]} Kd6 {[%emt 0:00:17]} 88. a7 {[%emt 0:01:17]} Nb6 {[%emt 0:00:05]} 89. a8=Q {[%emt 0:00:05]} Nxa8 {[%emt 0:00:02]} 90. Bxa8 {[%emt 0:00:06]} Ke6 {[%emt 0:00:04]} 91. Ke4 {[%emt 0:00:10]} Kf7 {[%emt 0:00:11]} 92. Kf5 {[%emt 0:00:06]} Kg7 {[%emt 0:00:04]} 93. Bd5 {[%emt 0:00:07]} 1-0

[Event "58th BRA-chW 2019"]
[Site "Rio de Janeiro"]
[Date "2019.02.21"]
[Round "3.3"]
[White "Alboredo, Julia"]
[Black "Librelato, Kathie Goulart"]
[Result "0-1"]
[WhiteElo "2212"]
[BlackElo "2172"]
[Annotator "NA"]
[PlyCount "78"]
[EventDate "2019.02.16"]
[EventType "k.o."]
[EventCountry "BRA"]
[SourceTitle "playchess.com"]
[Source "ChessBase"]
[SourceQuality "1"]

1. d4 Nf6 2. c4 g6 3. Nc3 Bg7 4. e4 d6 5. Nf3 O-O 6. h3 e5 7. d5 Nh5 8. g3 f5 9. exf5 gxf5 10. Nh4 Nf6 11. Bd3 e4 12. Be2 Nfd7 13. Ng2 Ne5 14. Be3 Na6 15. Qc2 Nc5 16. Nf4 Qe7 17. O-O-O Bd7 18. b4 Ncd3+ 19. Nxd3 exd3 20. Bxd3 c6 21. Be2 a5 22. bxa5 Rxa5 23. Kd2 b5 24. dxc6 Bxc6 25. cxb5 Bxh1 26. Rxh1 Ra3 27. Nb1 Raa8 28. Rc1 d5 29. Qb3 Rfd8 30. Ke1 Kh8 31. Bc5 Qe8 32. f4 Nc4 33. Nd2 Nb2 34. Kf2 d4 35. Bf3 Rxa2 36. Re1 Qg8 37. Qxg8+ Rxg8 38. Kg1 Nd3 39. Bd5 Rxd2 0-1